[Event "C.to Italiano Semifinale"]
[Site "Arvier ITA"]
[Date "2002.06.24"]
[Round "3"]
[White "Barlocco, Carlo"]
[Black "Cazzaniga, Walter"]
[Result "1-0"]
[WhiteElo "2129"]
[BlackElo "2119"]
[PlyCount "141"]
[EventDate "2002.06.22"]

1. d4 Nf6 2. c4 g6 3. Nc3 Bg7 4. e4 d6 5. Nf3 O-O 6. Be2 e5 7. O-O Nc6 8. d5
Ne7 9. Ne1 Nd7 10. Be3 f5 11. f3 f4 12. Bf2 g5 13. a4 Ng6 14. a5 Rf7 15. b4 Bf8
16. Nb5 a6 17. Na7 g4 18. fxg4 Nf6 19. Nxc8 Nxe4 20. Nxd6 Qxd6 21. Nd3 Re8 22.
Nc5 Nxf2 23. Rxf2 e4 24. Rb1 Bh6 25. Nxb7 Qe5 26. Rf1 Ref8 27. Rb3 f3 28. gxf3
e3 29. Nc5 Bf4 30. Ne4 Bxh2+ 31. Kh1 Bf4 32. c5 Qg7 33. g5 h6 34. Rg1 hxg5 35.
Rg2 Qh6+ 36. Kg1 Rh7 37. Kf1 Qh3 38. d6 Ne5 39. Qd5+ Kh8 40. Nxg5 Bxg5 41.
Qxe5+ Bf6 42. Qg3 Qe6 43. Rd3 cxd6 44. Rxd6 Qb3 45. Rh2 Qb1+ 46. Rd1 Qc2 47.
Rd7 Rxh2 48. Qxh2+ Kg8 49. Qg3+ Kh8 50. Qh3+ Kg8 51. Qe6+ Kh8 52. Qxe3 Qb1+ 53.
Bd1 Qg6 54. Rd2 Re8 55. Rh2+ Kg7 56. Qd2 Rd8 57. Qc2 Qxc2 58. Bxc2 Be5 59. Rh7+
Kf6 60. Ra7 Rd2 61. Rxa6+ Kg5 62. f4+ Kxf4 63. Ba4 Ra2 64. Be8 Kf3 65. Bh5+ Ke3
66. Re6 Ra1+ 67. Kg2 Ra2+ 68. Kh3 Kd4 69. Bf3 Rb2 70. a6 Rxb4 71. a7 1-0

[Event "C.to Italiano Semifinale"]
[Site "Arvier ITA"]
[Date "2002.06.24"]
[Round "3"]
[White "Bruno, Fabio"]
[Black "Mulas, Gianmarco"]
[Result "1-0"]
[WhiteElo "2268"]
[BlackElo "1732"]
[PlyCount "39"]
[EventDate "2002.06.22"]

1. d4 f5 2. Nc3 Nf6 3. Bg5 e6 4. g4 d5 5. gxf5 exf5 6. Bxf6 Qxf6 7. Nxd5 Qf7 8.
Bg2 c6 9. Nc3 Be6 10. Nf3 Nd7 11. d5 cxd5 12. Ng5 Qg6 13. Nxe6 Qxg2 14. Rf1 Rc8
15. Nxd5 Bd6 16. Qd3 Ne5 17. Qb5+ Kf7 18. Qxb7+ Bc7 19. Nexc7 Qg5 20. Ne8+ 1-0

[Event "C.to Italiano Semifinale"]
[Site "Arvier ITA"]
[Date "2002.06.24"]
[Round "3"]
[White "Carcangiu, Vittorio"]
[Black "Parrella, Alfredo"]
[Result "1-0"]
[WhiteElo "1753"]
[BlackElo "2233"]
[PlyCount "37"]
[EventDate "2002.06.22"]

1. e4 c5 2. Nf3 e6 3. d4 cxd4 4. Nxd4 a6 5. Be2 Nf6 6. e5 Qa5+ 7. Nc3 Qxe5 8.
Be3 Bb4 9. O-O Bxc3 10. bxc3 Qc7 11. c4 d5 12. cxd5 Nxd5 13. Bd2 Nd7 14. Bf3
N5f6 15. Bb4 Ra7 16. Qe2 Nc5 17. Bc6+ bxc6 18. Bxc5 Ra8 19. Nf5 1-0

[Event "C.to Italiano Semifinale"]
[Site "Arvier ITA"]
[Date "2002.06.24"]
[Round "3"]
[White "Forno, Roberto"]
[Black "Valenti, Giuseppe"]
[Result "1-0"]
[WhiteElo "2079"]
[BlackElo "2268"]
[PlyCount "61"]
[EventDate "2002.06.22"]

1. d4 Nf6 2. Nf3 e6 3. Bg5 h6 4. Bh4 c5 5. Nc3 cxd4 6. Nxd4 a6 7. e4 Bb4 8. Bd3
Qb6 9. Bxf6 gxf6 10. Nde2 Bc5 11. O-O Qxb2 12. Na4 Qa3 13. Nxc5 Qxc5 14. Kh1
Nc6 15. f4 h5 16. f5 Ne5 17. Nf4 h4 18. Nh5 Ke7 19. Qe2 d6 20. Rf4 exf5 21.
exf5 Bd7 22. Rxh4 Rag8 23. Rc4 Qb6 24. Nf4 Bc6 25. Be4 Kf8 26. Bxc6 bxc6 27.
Re1 Qb5 28. Re4 d5 29. Rxe5 fxe5 30. Qxe5 d4 31. Ng6+ 1-0

[Event "C.to Italiano Semifinale"]
[Site "Arvier ITA"]
[Date "2002.06.24"]
[Round "3"]
[White "Iotti, Pierluigi"]
[Black "Maccagno, Giancarlo"]
[Result "1-0"]
[WhiteElo "2291"]
[BlackElo "2152"]
[PlyCount "97"]
[EventDate "2002.06.22"]

1. d4 d6 2. Nf3 g6 3. g3 Bg7 4. Bg2 f5 5. c4 Nf6 6. O-O O-O 7. Nc3 c6 8. b3 Na6
9. Bb2 Qe8 10. d5 Bd7 11. Nd4 Nc7 12. Qd2 Rb8 13. e3 c5 14. Nde2 b5 15. Rab1 b4
16. Nd1 Qf7 17. f4 Rb6 18. Nf2 e6 19. dxe6 Bxe6 20. e4 fxe4 21. Nxe4 Nxe4 22.
Bxe4 Bf5 23. Bxf5 gxf5 24. Bxg7 Qxg7 25. Rf3 Re8 26. Rd3 Re6 27. Re3 Rxe3 28.
Qxe3 Rb8 29. Qd3 Qf6 30. Rd1 Rd8 31. Kf2 d5 32. cxd5 Rxd5 33. Qc4 Qe6 34. Rxd5
Qxd5 35. Qxd5+ Nxd5 36. Nc1 Nc3 37. Ke3 Kf7 38. Nd3 Ne4 39. g4 Ke6 40. g5 Kd5
41. h4 a5 42. Ne5 Ng3 43. Nc4 Nf1+ 44. Kd3 a4 45. bxa4 Ng3 46. Ne3+ Kc6 47. Kc4
Ne2 48. Nd5 Ng3 49. a5 1-0

[Event "C.to Italiano Semifinale"]
[Site "Arvier ITA"]
[Date "2002.06.24"]
[Round "3"]
[White "Laco, Giuseppe"]
[Black "Astengo, Corrado"]
[Result "1-0"]
[WhiteElo "2149"]
[BlackElo "2180"]
[PlyCount "117"]
[EventDate "2002.06.22"]

1. c4 c6 2. b3 d5 3. Bb2 Bf5 4. e3 Nf6 5. Be2 e6 6. f4 Nbd7 7. Nf3 Bd6 8. O-O
O-O 9. Nd4 Bxb1 10. Rxb1 Re8 11. Qe1 c5 12. Nb5 Bf8 13. d3 a6 14. Nc3 d4 15.
Ne4 Nxe4 16. dxe4 dxe3 17. e5 Nb8 18. Rd1 Qc7 19. Bd3 g6 20. Qxe3 Nc6 21. Rf3
Rad8 22. Rdf1 Nd4 23. Rh3 Qe7 24. g4 Rd7 25. Bc3 Red8 26. Be4 Nc6 27. Be1 Rc8
28. Bh4 Qe8 29. Bf6 Rd4 30. Rff3 Bg7 31. Bxg7 Rd1+ 32. Kg2 Kxg7 33. f5 exf5 34.
Qh6+ Kg8 35. Qxh7+ Kf8 36. Qh8+ Ke7 37. Qxe8+ Rxe8 38. Bxc6 fxg4 39. Rxf7+ Kxf7
40. Bxe8+ Kxe8 41. Rh7 Rd2+ 42. Kg3 Rxa2 43. Rxb7 Re2 44. Kh4 Rxh2+ 45. Kxg4
Rf2 46. Rc7 Rb2 47. Kg5 Rxb3 48. Kf6 g5 49. Rg7 Rf3+ 50. Ke6 Kf8 51. Rxg5 Rf4
52. Kd5 Kf7 53. Rg3 Rf5 54. Kd6 Rf4 55. e6+ Kf6 56. Re3 Rd4+ 57. Kxc5 Rd8 58.
e7 Re8 59. Kd6 1-0

[Event "C.to Italiano Semifinale"]
[Site "Arvier ITA"]
[Date "2002.06.24"]
[Round "3"]
[White "Mola, Pietro"]
[Black "Rossato, Armando"]
[Result "1-0"]
[WhiteElo "2277"]
[BlackElo "2169"]
[PlyCount "69"]
[EventDate "2002.06.22"]

1. e4 e5 2. Nf3 d5 3. exd5 Bd6 4. d4 e4 5. Ne5 Nf6 6. Nc3 h6 7. Bc4 O-O 8. O-O
Nbd7 9. f4 exf3 10. Nxf3 Nb6 11. Bd3 Re8 12. Ne5 c5 13. dxc6 bxc6 14. Bf4 Qc7
15. Qf3 Nbd5 16. Nxd5 cxd5 17. Rae1 Be6 18. Bxh6 Ne4 19. Bf4 f5 20. Bxe4 dxe4
21. Qh5 Qb6 22. c3 Qxb2 23. Re3 Bxe5 24. Bxe5 Qd2 25. Rh3 Qh6 26. Qe2 Qg6 27.
Rg3 Qh7 28. Rxg7+ Qxg7 29. Bxg7 Kxg7 30. c4 Rec8 31. d5 Bd7 32. Qb2+ Kf7 33.
Qd4 Re8 34. c5 e3 35. c6 1-0

[Event "C.to Italiano Semifinale"]
[Site "Arvier ITA"]
[Date "2002.06.24"]
[Round "3"]
[White "Mussoni, Marcello"]
[Black "Contin, Daniel"]
[Result "1-0"]
[WhiteElo "2250"]
[BlackElo "2338"]
[PlyCount "77"]
[EventDate "2002.06.22"]

1. d4 c5 2. e3 Nf6 3. Nf3 b6 4. Nbd2 Bb7 5. Bd3 g6 6. c3 Bg7 7. b4 Qc7 8. bxc5
bxc5 9. Ba3 O-O 10. Rb1 d6 11. O-O Nbd7 12. e4 Rab8 13. Qe2 Nh5 14. Qe3 e5 15.
Rfc1 Nf4 16. Bf1 Bh6 17. Qe1 f5 18. dxe5 dxe5 19. Rd1 Nf6 20. exf5 e4 21. Rxb7
Qxb7 22. Ne5 gxf5 23. Bxc5 Rfd8 24. Bd4 Ne6 25. Bc4 Nd5 26. Nf1 Kf8 27. Ng3
Nxd4 28. cxd4 Qc8 29. Qa5 Ne7 30. Nf7 Qxc4 31. Nxd8 Ke8 32. Nxf5 Qc2 33. Re1
Bd2 34. Qe5 Bb4 35. Qxb8 Bxe1 36. Ne6+ Kf7 37. Ng5+ Kf6 38. Qe5+ Kxg5 39. Ne3+
1-0

[Event "C.to Italiano Semifinale"]
[Site "Arvier ITA"]
[Date "2002.06.24"]
[Round "3"]
[White "Nelli, Luca"]
[Black "Sartori, Spartaco"]
[Result "1/2-1/2"]
[WhiteElo "2173"]
[BlackElo "2262"]
[PlyCount "83"]
[EventDate "2002.06.22"]

1. c4 c5 2. Nc3 g6 3. g3 Bg7 4. Bg2 Nc6 5. e3 e6 6. Nge2 Nge7 7. d4 cxd4 8.
exd4 d5 9. cxd5 Nxd5 10. Nxd5 exd5 11. O-O O-O 12. Qb3 Bg4 13. Nf4 Rb8 14. Be3
Nxd4 15. Bxd4 Bxd4 16. h3 Bf5 17. Rad1 Bg7 18. Nxd5 Be6 19. Qa3 Bxd5 20. Rxd5
Qb6 21. Rd7 Bxb2 22. Qd3 Rbd8 23. Rd1 Rxd7 24. Qxd7 Qa5 25. Qxb7 Qxa2 26. Bd5
Qa3 27. Kg2 Bf6 28. Re1 a5 29. Re8 Kg7 30. Rc8 Qb4 31. Rc7 Qxb7 32. Rxb7 Bc3
33. Ra7 h5 34. f4 Bd2 35. Kf3 Be1 36. g4 hxg4+ 37. hxg4 Bd2 38. g5 Bb4 39. Kg4
Bd2 40. f5 Bc3 41. fxg6 Kxg6 42. Be4+ 1/2-1/2

[Event "C.to Italiano Semifinale"]
[Site "Arvier ITA"]
[Date "2002.06.24"]
[Round "3"]
[White "Ricci, Marco"]
[Black "Capece, Adolivio"]
[Result "1-0"]
[WhiteElo "2162"]
[BlackElo "2067"]
[PlyCount "87"]
[EventDate "2002.06.22"]

1. e4 c5 2. Nf3 Nc6 3. d4 cxd4 4. Nxd4 g6 5. c4 Bg7 6. Be3 Nf6 7. Nc3 Ng4 8.
Qxg4 Nxd4 9. Qd1 e5 10. Nb5 O-O 11. Qd2 Re8 12. Nd6 Rf8 13. Nb5 Re8 14. O-O-O
Nxb5 15. cxb5 b6 16. Qd5 Rb8 17. Bc4 Qe7 18. f3 Rb7 19. Kb1 Rc7 20. Bg5 Qe6 21.
Rc1 h6 22. Bh4 g5 23. Bf2 Kh7 24. h4 g4 25. Qd3 Qf6 26. Bd5 Rxc1+ 27. Rxc1 g3
28. Bxg3 Qg6 29. Be1 Qxg2 30. Bb4 Bf8 31. Bxf7 Rd8 32. Bd6 Bxd6 33. Qxd6 Qg7
34. Be6 Rf8 35. Bf5+ Kh8 36. Qd5 a5 37. bxa6 Bxa6 38. Bxd7 Rxf3 39. Qa8+ Rf8
40. Qxa6 Qxd7 41. Qxb6 Qd3+ 42. Ka1 Qd2 43. Rg1 Rc8 44. Qf6+ 1-0

[Event "C.to Italiano Semifinale"]
[Site "Arvier ITA"]
[Date "2002.06.24"]
[Round "3"]
[White "Tonon, Alessandro"]
[Black "Cocchi, Andrea"]
[Result "0-1"]
[WhiteElo "2184"]
[BlackElo "2281"]
[PlyCount "118"]
[EventDate "2002.06.22"]

1. d4 Nf6 2. c4 d6 3. Nc3 Bf5 4. Nf3 g6 5. g3 Bg7 6. Bg2 Qc8 7. Qb3 c6 8. O-O
O-O 9. Re1 Na6 10. e4 Be6 11. e5 Ng4 12. Bf4 dxe5 13. Nxe5 Nxe5 14. Bxe5 Bh6
15. d5 Bd7 16. dxc6 bxc6 17. Bd4 Re8 18. Qd1 Nc7 19. Be3 Bg7 20. Bd4 e5 21. Be3
f5 22. Qd6 Bf8 23. Qd2 Ne6 24. Rad1 Re7 25. Bh6 Bxh6 26. Qxh6 Nf8 27. Rd6 Rb8
28. b3 Qc7 29. Rf6 Be6 30. Rd1 Rd8 31. Rxd8 Qxd8 32. Bxc6 Rc7 33. Rxe6 Nxe6 34.
Bd5 Re7 35. Qe3 Qb8 36. Qc5 Kf7 37. Nb5 Qb6 38. Qc8 Kg7 39. Qa8 Qd8 40. Qc6 Nc7
41. Nc3 h5 42. b4 Ne8 43. Qc5 Nf6 44. a4 Rc7 45. Qa5 Qe7 46. c5 e4 47. Qa6 Qe5
48. Qc4 e3 49. f4 e2 50. fxe5 e1=Q+ 51. Kg2 Ng4 52. Qd4 Ne3+ 53. Kf3 Nc2 54.
Qc4 Qd2 55. Ne2 Ne1+ 56. Kf2 Nd3+ 57. Kg1 Qe1+ 58. Kg2 Qxe2+ 59. Kh3 g5 0-1

[Event "C.to Italiano Semifinale"]
[Site "Arvier ITA"]
[Date "2002.06.24"]
[Round "3"]
[White "Vezzosi, Paolo"]
[Black "Buchicchio, Giampaolo"]
[Result "1-0"]
[WhiteElo "2398"]
[BlackElo "2188"]
[PlyCount "77"]
[EventDate "2002.06.22"]

1. d4 d5 2. c4 c6 3. e3 Nf6 4. Nc3 a6 5. Qc2 b5 6. b3 Bg4 7. Nge2 Nbd7 8. h3
Bh5 9. Nf4 Bg6 10. Nxg6 hxg6 11. Be2 e6 12. O-O b4 13. Na4 g5 14. f3 Qc7 15.
Bd3 g4 16. fxg4 Qg3 17. Rf3 Qe1+ 18. Bf1 Ne4 19. Bb2 Qh4 20. cxd5 cxd5 21. Qc6
Rd8 22. Bxa6 Be7 23. Nb6 Bg5 24. Raf1 Nd2 25. Nxd7 Nxf3+ 26. Rxf3 Rxd7 27. Bb5
Qe1+ 28. Kh2 O-O 29. Qxd7 Qd2 30. Qc7 Qxb2 31. Be8 Qxa2 32. Bxf7+ Kh8 33. Qe5
Qa7 34. Qxg5 Rxf7 35. Qh5+ Kg8 36. Qxf7+ Qxf7 37. Rxf7 Kxf7 38. h4 g5 39. hxg5
1-0

[Event "C.to Italiano Semifinale"]
[Site "Arvier ITA"]
[Date "2002.06.24"]
[Round "3"]
[White "Yeuillaz, Corrado"]
[Black "Gentile, Claudio"]
[Result "1-0"]
[WhiteElo "2231"]
[BlackElo "2117"]
[PlyCount "109"]
[EventDate "2002.06.22"]

1. e4 e5 2. Nf3 Nc6 3. Bb5 a6 4. Ba4 Nf6 5. O-O Nxe4 6. Re1 Nc5 7. Bxc6 dxc6 8.
Nxe5 Be7 9. d4 Ne6 10. c3 O-O 11. Nd2 f6 12. Nef3 Re8 13. Qb3 Qd5 14. c4 Qa5
15. a3 Bd7 16. Qc2 Rad8 17. b4 Bxb4 18. Nb3 Bxe1 19. Nxa5 Bxa5 20. Be3 Bc8 21.
Rd1 Re7 22. h3 Rde8 23. d5 cxd5 24. cxd5 Nf8 25. Qa4 b6 26. d6 cxd6 27. Rxd6
Rd7 28. Rxd7 Nxd7 29. Nd4 Kh8 30. Nf5 Rf8 31. Nd6 Ne5 32. f4 Ng6 33. Qc4 Ne7
34. Qc7 Nd5 35. Qc4 Be6 36. Qe4 Bg8 37. Bd4 Rd8 38. Nb7 Nc3 39. Bxc3 Rd1+ 40.
Kh2 Bxc3 41. Qc2 Rd7 42. Qxc3 Rxb7 43. Qc6 Rb8 44. Qc7 Re8 45. Qxb6 Bc4 46. a4
Rc8 47. Qb7 Rd8 48. Qc7 Rd4 49. Qc8+ Bg8 50. Qxa6 Rxf4 51. a5 Ra4 52. Qa8 h5
53. a6 f5 54. a7 Kh7 55. Qe8 1-0

[Event "C.to Italiano Semifinale"]
[Site "Arvier ITA"]
[Date "2002.06.25"]
[Round "4"]
[White "Astengo, Corrado"]
[Black "Capece, Adolivio"]
[Result "1/2-1/2"]
[WhiteElo "2180"]
[BlackElo "2067"]
[PlyCount "48"]
[EventDate "2002.06.22"]

1. e4 d6 2. d4 Nf6 3. Nc3 c6 4. a4 g6 5. g3 Bg7 6. Bg2 Na6 7. h3 Nb4 8. a5 O-O
9. Nge2 e5 10. O-O Be6 11. Be3 Qc8 12. Kh2 Rd8 13. f4 exd4 14. Bxd4 c5 15. Bg1
d5 16. e5 d4 17. exf6 dxc3 18. Qc1 Bxf6 19. Nxc3 Bd4 20. Ne4 f5 21. Ng5 Bd5 22.
Rd1 Bxg2 23. Kxg2 Qc6+ 24. Nf3 Bxg1 1/2-1/2

[Event "C.to Italiano Semifinale"]
[Site "Arvier ITA"]
[Date "2002.06.25"]
[Round "4"]
[White "Bruno, Fabio"]
[Black "Vezzosi, Paolo"]
[Result "0-1"]
[WhiteElo "2268"]
[BlackElo "2398"]
[PlyCount "96"]
[EventDate "2002.06.22"]

1. d4 Nf6 2. Nf3 e6 3. e3 c5 4. Bd3 b6 5. Nbd2 Be7 6. O-O O-O 7. b3 cxd4 8.
exd4 Ba6 9. c4 Nc6 10. Bb2 Rc8 11. Ne5 Nb4 12. Bb1 d6 13. a3 Nc6 14. Nxc6 Rxc6
15. d5 exd5 16. Qf3 Rc7 17. Qd3 dxc4 18. Nxc4 g6 19. Qd4 d5 20. Ne3 Bxf1 21.
Kxf1 Qd7 22. Bd3 Ra8 23. g4 a6 24. Kg2 Rc6 25. b4 h6 26. h4 Bf8 27. Bxa6 Rd6
28. g5 Bg7 29. gxh6 Bxh6 30. Be2 Bg7 31. Ng4 Nh5 32. Ne5 Qf5 33. Bxh5 Qxh5 34.
f4 Qe2+ 35. Qf2 Qe4+ 36. Kg3 d4 37. Re1 Qd5 38. Nd3 Rc8 39. Qf3 Qb3 40. h5 gxh5
41. f5 Rh6 42. Kf4 Qc2 43. Re7 Qd2+ 44. Ke4 Kf8 45. Rd7 Re8+ 46. Kd5 Qc2 47.
Rd6 Qb3+ 48. Kc6 Qa4+ 0-1

[Event "C.to Italiano Semifinale"]
[Site "Arvier ITA"]
[Date "2002.06.25"]
[Round "4"]
[White "Buchicchio, Giampaolo"]
[Black "Agomeri, Gianluca"]
[Result "1/2-1/2"]
[WhiteElo "2188"]
[BlackElo "2134"]
[PlyCount "44"]
[EventDate "2002.06.22"]

1. e4 e5 2. Nf3 Nc6 3. d4 exd4 4. Nxd4 Bc5 5. c3 Qf6 6. Be3 Nge7 7. Bc4 Qg6 8.
O-O Ne5 9. Be2 d5 10. Bh5 Qxe4 11. Nb5 Bxe3 12. Nxc7+ Kd8 13. Nxa8 Bf4 14. Re1
Qf5 15. Be2 h5 16. Nd2 Bxh2+ 17. Kxh2 Ng4+ 18. Bxg4 hxg4+ 19. Kg1 Qh7 20. Kf1
Qd3+ 21. Kg1 Qh7 22. Kf1 Qd3+ 1/2-1/2

[Event "C.to Italiano Semifinale"]
[Site "Arvier ITA"]
[Date "2002.06.25"]
[Round "4"]
[White "Carcangiu, Vittorio"]
[Black "Mussoni, Marcello"]
[Result "0-1"]
[WhiteElo "1753"]
[BlackElo "2250"]
[PlyCount "102"]
[EventDate "2002.06.22"]

1. e4 c5 2. Nf3 Nc6 3. d4 cxd4 4. Nxd4 e6 5. Bc4 Qc7 6. Nc3 a6 7. Bb3 Nf6 8.
O-O Nxd4 9. Qxd4 Bd6 10. h3 b5 11. a3 Bb7 12. Be3 Bh2+ 13. Kh1 Be5 14. Qd3 Bxc3
15. Qxc3 Qxc3 16. bxc3 Nxe4 17. c4 bxc4 18. Bxc4 O-O 19. Rab1 Bc6 20. Rb6 Rfc8
21. Ra1 a5 22. Ba6 Rcb8 23. Rab1 Rxb6 24. Rxb6 a4 25. Bb7 Bxb7 26. Rxb7 d5 27.
Ra7 Rxa7 28. Bxa7 Kf8 29. Kg1 Ke7 30. f3 Nd6 31. Kf2 Kd7 32. Ke2 Kc6 33. Bd4 f6
34. Bb2 e5 35. g4 g5 36. Kd3 Kc5 37. Bc1 h6 38. Be3+ Kc6 39. Bd2 f5 40. Bb4 e4+
41. Ke2 f4 42. Bc3 Nb5 43. Bg7 Nxa3 44. fxe4 dxe4 45. Bxh6 Nxc2 46. Bxg5 Nd4+
47. Kd1 a3 48. Kc1 e3 49. Kb1 Ne6 50. Bf6 f3 51. Bh4 f2 0-1

[Event "C.to Italiano Semifinale"]
[Site "Arvier ITA"]
[Date "2002.06.25"]
[Round "4"]
[White "Cocchi, Andrea"]
[Black "Sartori, Spartaco"]
[Result "1/2-1/2"]
[WhiteElo "2281"]
[BlackElo "2262"]
[PlyCount "53"]
[EventDate "2002.06.22"]

1. c4 c5 2. e4 Nc6 3. Nc3 g6 4. g3 Bg7 5. Bg2 a6 6. Nge2 b5 7. cxb5 axb5 8. f4
b4 9. Nd5 Ba6 10. d3 e6 11. Ne3 Nge7 12. O-O Nd4 13. e5 Nxe2+ 14. Qxe2 Ra7 15.
Nc4 O-O 16. Be3 Bxc4 17. dxc4 Qb6 18. Qf2 Rc8 19. a4 d6 20. g4 Nc6 21. b3 Nd4
22. Bxd4 cxd4 23. exd6 Qxd6 24. Rad1 Ra5 25. Rd3 h5 26. g5 Rf8 27. Be4 1/2-1/2

[Event "C.to Italiano Semifinale"]
[Site "Arvier ITA"]
[Date "2002.06.25"]
[Round "4"]
[White "Contin, Daniel"]
[Black "Barlocco, Carlo"]
[Result "1-0"]
[WhiteElo "2338"]
[BlackElo "2129"]
[PlyCount "53"]
[EventDate "2002.06.22"]

1. c4 e5 2. Nc3 d6 3. g3 f5 4. Bg2 Nf6 5. d3 g6 6. Rb1 Bg7 7. b4 O-O 8. b5 h6
9. Qb3 Kh7 10. e3 Nbd7 11. Nge2 Nc5 12. Qc2 e4 13. dxe4 fxe4 14. O-O Be6 15.
Na4 Nd3 16. Nd4 Qe7 17. Nc3 Bxc4 18. Nxe4 Nxe4 19. Qxc4 Nexf2 20. Nf3 Qe4 21.
Ng5+ hxg5 22. Bxe4 Nh3+ 23. Kg2 Rxf1 24. Qxd3 Rf2+ 25. Kxh3 Rh8 26. Kg4 Rxh2
27. Bxg6+ 1-0

[Event "C.to Italiano Semifinale"]
[Site "Arvier ITA"]
[Date "2002.06.25"]
[Round "4"]
[White "De Santis, Alessio"]
[Black "Nelli, Luca"]
[Result "1-0"]
[WhiteElo "2274"]
[BlackElo "2173"]
[PlyCount "51"]
[EventDate "2002.06.22"]

1. d4 Nf6 2. c4 c5 3. d5 b5 4. cxb5 a6 5. f3 axb5 6. e4 Qa5+ 7. b4 Qxb4+ 8. Bd2
Qa4 9. Qc1 b4 10. Qxc5 Na6 11. Bxa6 Bxa6 12. Qxb4 Bd3 13. Qxa4 Rxa4 14. Nc3 Ra3
15. e5 Ng8 16. Rc1 d6 17. f4 g6 18. e6 fxe6 19. dxe6 Ba6 20. Rb1 Kd8 21. Rb8+
Bc8 22. Nb5 Rxa2 23. Be3 Ra6 24. Nf3 Bg7 25. O-O Bb2 26. Rb1 1-0

[Event "C.to Italiano Semifinale"]
[Site "Arvier ITA"]
[Date "2002.06.25"]
[Round "4"]
[White "Forno, Roberto"]
[Black "Mola, Pietro"]
[Result "0-1"]
[WhiteElo "2079"]
[BlackElo "2277"]
[PlyCount "122"]
[EventDate "2002.06.22"]

1. d4 c5 2. e3 Nf6 3. Nf3 g6 4. b3 Bg7 5. Bb2 cxd4 6. exd4 O-O 7. Nbd2 d5 8.
Be2 Nc6 9. O-O Bf5 10. Rc1 Rc8 11. a3 Ne4 12. c4 dxc4 13. Nxc4 Be6 14. b4 a6
15. Qd3 Nf6 16. Ne3 Bd5 17. Rfd1 e6 18. Nd2 Qe7 19. b5 axb5 20. Qxb5 Rfd8 21.
Rc5 Nb8 22. Nxd5 Nxd5 23. Rdc1 Nc6 24. Nb3 Ra8 25. Bf3 Qd7 26. R5c4 Nxd4 27.
Nxd4 Qxb5 28. Nxb5 Bxb2 29. R1c2 Bxa3 30. h4 Bd6 31. g3 Be5 32. h5 gxh5 33.
Bxh5 Ra5 34. Nd4 Nf6 35. Rc8 Rxc8 36. Rxc8+ Kg7 37. Nb3 Rb5 38. Bd1 Nd5 39. Kg2
Nc3 40. Bc2 Rd5 41. f4 Bf6 42. g4 h6 43. Kf3 b5 44. Rc7 b4 45. Nc5 Rd6 46. Bb3
Kg8 47. f5 Nb5 48. Rc8+ Rd8 49. Rxd8+ Bxd8 50. fxe6 Nd4+ 51. Ke4 Nxb3 52. exf7+
Kxf7 53. Nxb3 Kf6 54. Nd4 Be7 55. Kd3 Kg5 56. Nf5 Bf8 57. Kc4 h5 58. Nd4 Kxg4
59. Ne6 Bd6 60. Nd8 h4 61. Nf7 Bf4 0-1

[Event "C.to Italiano Semifinale"]
[Site "Arvier ITA"]
[Date "2002.06.25"]
[Round "4"]
[White "Iotti, Pierluigi"]
[Black "Martorelli, Antonio"]
[Result "1-0"]
[WhiteElo "2291"]
[BlackElo "2257"]
[PlyCount "67"]
[EventDate "2002.06.22"]

1. d4 Nf6 2. Nf3 g6 3. g3 Bg7 4. Bg2 O-O 5. O-O d6 6. c4 Nbd7 7. Nc3 e5 8. e4
exd4 9. Nxd4 Re8 10. h3 Nc5 11. Re1 a5 12. b3 c6 13. Bb2 Qb6 14. Qc2 Nfd7 15.
Rad1 Ne5 16. Nde2 a4 17. Nc1 f5 18. Rxd6 axb3 19. axb3 Nxe4 20. Nxe4 fxe4 21.
g4 Nf7 22. Rdd1 Bxb2 23. Qxb2 e3 24. Kh1 Re6 25. fxe3 Ra5 26. Qd4 Qc7 27. Qf4
Qe7 28. e4 h5 29. Rf1 hxg4 30. Qb8 Qe8 31. Qc7 Ra8 32. hxg4 g5 33. Kg1 Ne5 34.
Rd8 1-0

[Event "C.to Italiano Semifinale"]
[Site "Arvier ITA"]
[Date "2002.06.25"]
[Round "4"]
[White "Mulas, Gianmarco"]
[Black "Ricci, Marco"]
[Result "1/2-1/2"]
[WhiteElo "1732"]
[BlackElo "2162"]
[PlyCount "84"]
[EventDate "2002.06.22"]

1. c4 e5 2. Nc3 Nf6 3. Nf3 Nc6 4. e3 d6 5. Qc2 g6 6. Be2 Bg7 7. d3 O-O 8. a3 a5
9. Rb1 Ne8 10. b4 axb4 11. axb4 f5 12. b5 Ne7 13. d4 e4 14. Nd2 Nf6 15. Bb2 Be6
16. Nb3 b6 17. Rc1 d5 18. Nd2 dxc4 19. Nxc4 Nfd5 20. Nxd5 Nxd5 21. Ba3 Re8 22.
g3 Bf7 23. Qb2 Bf8 24. Bxf8 Rxf8 25. Ne5 Be6 26. h4 Re8 27. Qc2 Nb4 28. Qc3 Na2
29. Qxc7 Nxc1 30. Qxc1 Qd6 31. O-O Bd5 32. Nc6 Rec8 33. Bc4 Kg7 34. Bxd5 Qxd5
35. Qb2 Ra2 36. Qb4 Rc7 37. Kg2 Kf7 38. Rc1 Kg7 39. Rc3 Ra8 40. Ne7 Qd7 41.
Rxc7 Qxc7 42. Nc6 Qf7 1/2-1/2

[Event "C.to Italiano Semifinale"]
[Site "Arvier ITA"]
[Date "2002.06.25"]
[Round "4"]
[White "Parrella, Alfredo"]
[Black "Gentile, Claudio"]
[Result "1/2-1/2"]
[WhiteElo "2233"]
[BlackElo "2117"]
[PlyCount "25"]
[EventDate "2002.06.22"]

1. d4 d5 2. c4 dxc4 3. Nf3 Nf6 4. e3 Bg4 5. Bxc4 e6 6. O-O Nbd7 7. Be2 c6 8. h3
Bf5 9. Nh4 Be4 10. Nf3 Qa5 11. Nc3 Bd6 12. Bd2 Qf5 13. Nh4 1/2-1/2

[Event "C.to Italiano Semifinale"]
[Site "Arvier ITA"]
[Date "2002.06.25"]
[Round "4"]
[White "Rossato, Armando"]
[Black "Maccagno, Giancarlo"]
[Result "1-0"]
[WhiteElo "2169"]
[BlackElo "2152"]
[PlyCount "67"]
[EventDate "2002.06.22"]

1. d4 d6 2. Nf3 g6 3. e4 Bg7 4. Nc3 c6 5. Be3 Nd7 6. Be2 Ngf6 7. Qd2 h6 8. O-O
Ng4 9. Bf4 e5 10. Bg3 Qe7 11. h3 Ngf6 12. Rfe1 Nh7 13. Rad1 Ng5 14. dxe5 Nxf3+
15. Bxf3 Nxe5 16. Be2 Be6 17. f4 Nc4 18. Bxc4 Bxc4 19. Nd5 Qd8 20. Ne3 Ba6 21.
f5 O-O 22. Ng4 Qb6+ 23. Bf2 Qxb2 24. e5 h5 25. f6 Bh8 26. Nh6+ Kh7 27. Nf5 gxf5
28. Qg5 dxe5 29. Qxh5+ Kg8 30. Qg5+ Kh7 31. Qxf5+ Kg8 32. Qg5+ Kh7 33. Re4 Rg8
34. Qh5# 1-0

[Event "C.to Italiano Semifinale"]
[Site "Arvier ITA"]
[Date "2002.06.25"]
[Round "4"]
[White "Tonon, Alessandro"]
[Black "Yeuillaz, Corrado"]
[Result "1-0"]
[WhiteElo "2184"]
[BlackElo "2231"]
[PlyCount "61"]
[EventDate "2002.06.22"]

1. d4 d5 2. c4 c6 3. Nf3 Nf6 4. Nc3 e6 5. e3 Nbd7 6. Qc2 Be7 7. Be2 O-O 8. b3
Qc7 9. Bb2 Re8 10. O-O a6 11. Rfd1 b5 12. Rac1 bxc4 13. bxc4 dxc4 14. Bxc4 Nb6
15. Bd3 Bb7 16. Ne4 h6 17. Ne5 Rec8 18. Nc5 Nbd5 19. Qb3 Ra7 20. e4 Nf4 21. Bc4
Rb8 22. Qf3 Bc8 23. Bc3 g5 24. g3 N4h5 25. h4 Bd6 26. hxg5 hxg5 27. Kg2 a5 28.
Rh1 Rb5 29. Bxb5 Bxe5 30. dxe5 g4 31. Qe3 1-0

[Event "C.to Italiano Semifinale"]
[Site "Arvier ITA"]
[Date "2002.06.25"]
[Round "4"]
[White "Valenti, Giuseppe"]
[Black "Laco, Giuseppe"]
[Result "1/2-1/2"]
[WhiteElo "2268"]
[BlackElo "2149"]
[PlyCount "159"]
[EventDate "2002.06.22"]

1. e4 c5 2. Nf3 e6 3. d4 cxd4 4. Nxd4 a6 5. Bd3 Nc6 6. Nxc6 dxc6 7. O-O e5 8.
Nd2 Qc7 9. a4 Nf6 10. Nc4 Be6 11. Qe2 Bc5 12. a5 h6 13. Be3 Bxe3 14. Qxe3 O-O
15. Qc5 Bxc4 16. Qxc4 Rad8 17. c3 Rd7 18. b4 Rfd8 19. Rfd1 Ne8 20. Be2 Rd2 21.
Rxd2 Rxd2 22. Bf3 Nd6 23. Qc5 Nb5 24. Rc1 Qd6 25. Qxd6 Nxd6 26. Kf1 Kf8 27. Ke1
Rb2 28. Rd1 Ke7 29. Rd2 Rb3 30. Rc2 g6 31. Kd2 f5 32. exf5 gxf5 33. Ra2 Nb5 34.
Rc2 Na3 35. Ra2 Nb5 36. Rc2 Rb1 37. Be2 Nd6 38. Ke3 Rb3 39. f3 Rb1 40. Rd2 Rc1
41. Kd3 Rh1 42. h3 f4 43. Bd1 Nf5 44. Bb3 Ne3 45. g4 Rb1 46. Ba2 Re1 47. h4 e4+
48. fxe4 Nxg4 49. Kd4 Nf6 50. Rg2 Rxe4+ 51. Kd3 f3 52. Rf2 Rf4 53. Ke3 Rxh4 54.
Rxf3 Ng4+ 55. Ke4 Nf6+ 56. Kf5 Nd5 57. Bxd5 cxd5 58. Ke5 Rh5+ 59. Kd4 Rg5 60.
Kc5 Ke6 61. Re3+ Kf6 62. Rf3+ Rf5 63. Rd3 Ke5 64. Rh3 Rf6 65. Rh5+ Ke4 66. Rh4+
Kd3 67. Rh3+ Kc2 68. Kxd5 Kb3 69. Re3 h5 70. Rh3 Rh6 71. Kd4 h4 72. Kd5 Ka4 73.
Kc5 Rc6+ 74. Kd5 Kb3 75. Rxh4 Rxc3 76. Re4 Ka4 77. Re7 Kxb4 78. Rxb7+ Kxa5 79.
Rb1 Ra3 80. Kc4 1/2-1/2